Monnaie par pays aléatoires (Boites jaunes) - Statistiques

Statistiques générales
  • Ce quiz a été pris 720 fois
    75 depuis la dernière actualisation
  • Le résultat moyen est 18 sur 30
Statistiques - réponses
Pays Monnaie % Correct
Îles Marshall Aucune (Dollar américain)
100%
Nauru Aucune (Dollar australien)
100%
Tuvalu Aucune (Dollar australien)
100%
Kosovo Aucune (Euro)
100%
Montenegro Aucune (Euro)
100%
Saint-Marin Aucune (Euro)
100%
Panama Balboa
100%
Danemark Couronne danoise
100%
Koweit Dinar koweïtien
100%
Serbie Dinar serbe
100%
Tunisie Dinar tunisien
100%
Maroc Dirham marocain
100%
Australie Dollar australien
100%
Canada Dollar canadien
100%
Dominique Dollar des Caraïbes orientales
100%
Fidji Dollar fidjien
100%
Nouvelle-Zélande Dollar néo-zélandais
100%
Trinité-et-Tobago Dollar trinidadien
100%
Cap-Vert Escudo
100%
Autriche Euro
100%
Belgique Euro
100%
Croatie Euro
100%
Estonie Euro
100%
Finlande Euro
100%
France Euro
100%
Irlande Euro
100%
Italie Euro
100%
Lituanie Euro
100%
Malte Euro
100%
Pays-Bas Euro
100%
Portugal Euro
100%
Slovaquie Euro
100%
Slovénie Euro
100%
Espagne Euro
100%
Burundi Franc burundais
100%
Benin Franc CFA
100%
Burkina Faso Franc CFA
100%
Cameroun Franc CFA
100%
République du Congo Franc CFA
100%
Gabon Franc CFA
100%
Mali Franc CFA
100%
Sénégal Franc CFA
100%
Guinée Franc guinéen
100%
Haiti Gourde
100%
Laos Kip
100%
Albanie Lek
100%
Honduras Lempira
100%
Eswatini Lilangeni
100%
Royaume-Uni Livre sterling
100%
Syrie Livre syrienne
100%
Lesotho Loti
100%
Turkmenistan Manat turkmène
100%
Nigeria Naira
100%
Taiwan Nouveau dollar de Taïwan
100%
Argentine Peso argentin
100%
Cuba Peso cubain
100%
Mexique Peso mexicain
100%
Uruguay Peso uruguayen
100%
Oman Rial omanais
100%
Cambodge Riel
100%
Malaisie Ringgit
100%
Russie Rouble russe
100%
Sri Lanka Roupie srilankaise
100%
Kirghizistan Som
100%
Tadjikistan Somoni
100%
Bangladesh Taka
100%
Corée du Sud Won sud-coréen
100%
Japon Yen
100%
Monaco Aucune (Euro)
83%
Vatican Aucune (Euro)
83%
Chili Peso chilien
83%
Jordanie Dinar jordanien
75%
Allemagne Euro
75%
République démocratique du Congo Franc congolais
75%
Suisse Franc suisse
75%
Egypte Livre égyptienne
75%
Azerbaidjan Manat azerbaïdjanais
75%
Inde Roupie indienne
71%
Thailande Baht
67%
Venezuela Bolivar souverain
67%
Bolivie Boliviano
67%
Costa Rica Colón costaricien
67%
Algerie Dinar algérien
67%
Émirats arabes unis Dirham émirati
67%
États-Unis Dollar américain
67%
Barbade Dollar barbadien
67%
Belize Dollar bélizien
67%
Bulgarie Euro
67%
Luxembourg Euro
67%
Guinée équatoriale Franc CFA
67%
Niger Franc CFA
67%
Togo Franc CFA
67%
Rwanda Franc rwandais
67%
Georgie Lari
67%
Sierra Leone Leone
67%
Liban Livre libanaise
67%
Chine Yuan Ren-Min-Bi
67%
Iran Rial iranien
60%
Indonesie Roupie indonésienne
60%
Sao Tomé-et-Principe Dobra
57%
Micronesie Aucune (Dollar américain)
50%
Andorre Aucune (Euro)
50%
Macédoine du Nord Denar
50%
Bahrein Dinar bahreïni
50%
Irak Dinar iraquien
50%
Antigua et Barbuda Dollar des Caraïbes orientales
50%
Saint-Christophe-et-Niévès Dollar des Caraïbes orientales
50%
Jamaique Dollar jamaïcain
50%
Îles Salomon Dollar salomonien
50%
Singapour dollar singapourien
50%
Lettonie Euro
50%
Côte d'Ivoire Franc CFA
50%
Guinée-Bissau Franc CFA
50%
Papouasie-Nouvelle-Guinée Kina
50%
Angola Kwanza
50%
Moldavie Leu moldave
50%
Roumanie Leu roumain
50%
Turquie Livre turque
50%
Bosnie-Herzégovine Mark convertible
50%
Tonga Pa'anga
50%
République dominicaine Peso dominicain
50%
Philippines Peso philippin
50%
Afrique du Sud Rand
50%
Arabie Saoudite Riyal saoudien
50%
Yemen Riyal yéménite
50%
Népal Roupie népalaise
50%
Pakistan Roupie pakistanaise
50%
Maldives Rufiyaa
50%
Pérou Sol
50%
Corée du Nord Won nord-coréen
50%
Salvador Aucune (Dollar américain)
43%
Afghanistan Afghani
33%
Equateur Aucune (Dollar américain)
33%
Gambie Dalasi
33%
Libye Dinar libyen
33%
Brunei Dollar brunéien
33%
Liberia Dollar libérien
33%
Hongrie Forint
33%
Comores Franc comorien
33%
Djibouti Franc djiboutien
33%
Ukraine Hryvnia
33%
Myanmar Kyat
33%
Erythrée Nakfa
33%
Colombie Peso colombien
33%
Brésil Real brésilien
33%
Qatar Riyal qatarien
33%
Biélorussie Rouble biélorusse
33%
Israel Shekel
33%
Kenya Shilling kényan
33%
Pologne Złoty
33%
Ghana Cedi
25%
Mozambique Metical
25%
Maurice Roupie mauricienne
25%
Mongolie Tugrik
25%
Palaos Aucune (Dollar américain)
20%
Madagascar Ariary
0%
Timor oriental Aucune (Dollar américain)
0%
Kiribati Aucune (Dollar australien)
0%
Liechtenstein Aucune (Franc suisse)
0%
Ethiopie Birr
0%
Nicaragua Cordoba
0%
Islande Couronne islandaise
0%
Norvège Couronne norvégienne
0%
Suède Couronne suédoise
0%
République tchèque Couronne tchèque
0%
Bahamas Dollar bahaméen
0%
Grenade Dollar des Caraïbes orientales
0%
Sainte-Lucie Dollar des Caraïbes orientales
0%
Saint-Vincent et les Grenadines Dollar des Caraïbes orientales
0%
Guyana Dollar guyanien
0%
Namibie Dollar namibien
0%
Suriname Dollar surinamien
0%
Vietnam Dong
0%
Armenie Dram
0%
Chypre Euro
0%
Grèce Euro
0%
République centrafricaine Franc CFA
0%
Tchad Franc CFA
0%
Paraguay Guarani
0%
Malawi Kwacha malawien
0%
Zambie Kwacha zambien
0%
Soudan Livre soudanaise
0%
Soudan du Sud Livre sud-soudanaise
0%
Bhoutan Ngultrum
0%
Zimbabwe or du Zimbabwe (entre autres)
0%
Mauritanie Ouguiya
0%
Botswana Pula
0%
Guatemala Quetzal
0%
Seychelles Roupie seychelloise
0%
Ouganda Shilling ougandais
0%
Somalie Shilling somalien
0%
Tanzanie Shilling tanzanien
0%
Ouzbékistan Soum
0%
Samoa Tala
0%
Kazakhstan Tenge
0%
Vanuatu Vatu
0%
Aucun quiz correspondant
Distribution des résultats
% des personnes avec chaque résultat
Percentile par nombre de réponses
Votre historique - résultats
Vous n’avez pas pris ce quiz depuis la dernière actualisation